Normal view
MARC view
- Nunnally, Jum C
Entry Personal Name
001 - CONTROL NUMBER
- control field: 44328
003 - CONTROL NUMBER IDENTIFIER
- control field: KE-NaSUL
005 - DATE AND TIME OF LATEST TRANSACTION
- control field: 20250825152201.0
008 - FIXED-LENGTH DATA ELEMENTS
- fixed length control field: 250825|| aca||aabn | a|a d
040 ## - CATALOGING SOURCE
- Original cataloging agency: KE-NaSUL
- Transcribing agency: KE-NaSUL
100 ## - HEADING--PERSONAL NAME
- Personal name: Nunnally, Jum C
670 ## - SOURCE DATA FOUND
- Source citation: Work cat.: (KE-NaSUL)25111: Nunnally, Jum C., Psychometric theory, [1967]